00234nam a2200097Ia 4500008004000000082001600040100002100056245001800077260003300095300000800128210210b1984 xxu||||| |||| 00| 0 eng d a613.71 STEB aSTEINFELD (Jke). aBody by Jake. aNYbSimon and Schusterc1984 a224